|
|
|
|
| LEADER |
00000nam a22000007a 4500 |
| 005 |
20191024001643.0 |
| 007 |
cr|||| |||| |
| 008 |
191024c20149999pk wr|w s|||| 0|||b1eng d |
| 035 |
|
|
|a 23649
|
| 040 |
|
|
|a vLex
|
| 090 |
|
|
|c 9953
|d 9953
|
| 245 |
0 |
0 |
|a Pakistan Company Updates
|h [Recurso electrn̤ico] /
|
| 256 |
|
|
|a Servicio en ln̕ea
|
| 260 |
|
|
|a Islamabad:
|b Plus Media Solutions,
|c 2014 -
|
| 300 |
|
|
|a 1 recurso electrn̤ico
|
| 310 |
|
|
|a Semanal
|
| 506 |
1 |
|
|a Disponible solo en los productos indicados
|d vLex Global
|d vLex Global (Academic Edition, excluding Law Schools)
|d vLex Global (U.S. Academic Edition, Law Schools)
|d vLex Global (U.S. Academic Edition, excluding Law Schools)
|d vLex Global (Academic Edition, Law Schools)
|
| 650 |
0 |
4 |
|a Economa̕ y negocios
|z Pakistǹ
|
| 740 |
0 |
|
|a vLex Revistas (Servicio en ln̕ea)
|
| 856 |
4 |
0 |
|u http://vlex.com/source/23649
|z Acceso restringido
|
| 942 |
|
|
|c REV
|
| 999 |
0 |
|
|a Economy and business
|